Proposed reform of the 'Loi de L'Architecture 1977' in France (Record no. 68182)
[ view plain ]
| 000 -LEADER | |
|---|---|
| fixed length control field | 00822cam a2200229 4500 |
| 001 - CONTROL NUMBER | |
| control field | ABS64390 |
| 008 - FIXED-LENGTH DATA ELEMENTS--GENERAL INFORMATION | |
| fixed length control field | 010906n2001 000 0 eng u |
| 035 ## - SYSTEM CONTROL NUMBER | |
| System control number | (Sirsi) u114461 |
| 100 ## - MAIN ENTRY--PERSONAL NAME | |
| Personal name | Cunynghame-Robertson, A |
| 245 ## - TITLE STATEMENT | |
| Title | Proposed reform of the 'Loi de L'Architecture 1977' in France |
| 260 ## - PUBLICATION, DISTRIBUTION, ETC. | |
| Date of publication, distribution, etc. | 2001 |
| 490 ## - SERIES STATEMENT | |
| Series statement | ASI Journal |
| Volume/sequential designation | 12(9) August 2001, 8-10(3) |
| 520 ## - SUMMARY, ETC. | |
| Summary, etc. | Highlights a number of proposals from the proposed reform of the 'Loi de L'Architecture', looking at new areas of practice for architects, on conditions governing practice and on the reform of the profession's organisation. |
| 590 ## - LOCAL NOTE (RLIN) | |
| Local note | ABS |
| 650 ## - SUBJECT ADDED ENTRY--TOPICAL TERM | |
| Topical term or geographic name entry element | LOI DE L'ARCHITECTURE |
| 650 ## - SUBJECT ADDED ENTRY--TOPICAL TERM | |
| Topical term or geographic name entry element | FRANCE |
| 650 ## - SUBJECT ADDED ENTRY--TOPICAL TERM | |
| Topical term or geographic name entry element | REFORMS |
| 650 ## - SUBJECT ADDED ENTRY--TOPICAL TERM | |
| Topical term or geographic name entry element | ARCHITECTS |
| 650 ## - SUBJECT ADDED ENTRY--TOPICAL TERM | |
| Topical term or geographic name entry element | ARCHITECTURAL PRACTICE |
| 690 ## - LOCAL SUBJECT ADDED ENTRY--TOPICAL TERM (OCLC, RLIN) | |
| Topical term or geographic name as entry element | INTERNATIONAL-EUROPE |
| 942 ## - ADDED ENTRY ELEMENTS (KOHA) | |
| Suppress in OPAC | 0 |
| Withdrawn status | Lost status | Source of classification or shelving scheme | Damaged status | Not for loan | Home library | Current library | Shelving location | Date acquired | Total Checkouts | Full call number | Barcode | Date last seen | Copy number | Price effective from | Koha item type |
|---|---|---|---|---|---|---|---|---|---|---|---|---|---|---|---|
| Dewey Decimal Classification | London | London | Journal article | 06/09/2001 | ABS64390 | 114461-1001 | 06/08/2019 | 1 | 06/08/2019 | Journal article |